000
00289nam a22001217a 4500
008
190226b xxu||||| |||| 00| 0 eng d
041
_a
eng
080
_a
574
100
_a
10
101
_a
MJE
245
_a
Fatal Harvest the tragedy of industrial agriculture
_c
Berry,W
942
_2
udc
_c
BK
999
_c
54275
_d
54275